[Event "Challenge"]
[Site "http://www.queenalice.com/game.php?id=196858"]
[Date "2007.4.14"]
[Round "-"]
[White "DARKQUEEN"]
[Black "fab_scott"]
[Result "1/2-1/2"]
[WhiteElo "1281"]
[BlackElo "1849"]

1. d4 Nf6 2. e3 b6 3. Nc3 Bb7 4. Bd3 e6 5. f3 Ng4 6. Qe2 Nh6 7. a3 f5 8. Bd2 Be7
9. e4 Bg5 10. Nh3 Bxd2+ 11. Qxd2 O-O 12. O-O-O Nc6 13. Rdf1 Nxd4 14. Qe3 c5 15.
Rhg1 a5 16. g4 f4 17. Nxf4 Ba6 18. g5 Nf7 19. Nfe2 e5 20. h4 Ne6 21. f4 Nxf4 22.
Nxf4 exf4 23. Rxf4 Bb7 24. Qg3 Ne5 25. Rxf8+ Qxf8 26. Qxe5 d6 27. Qf5 Qxf5 28.
exf5 Kf7 29. Nb5 Rd8 30. Rf1 d5 31. f6 g6 32. b3 Ba6 33. Nc3 c4 34. bxc4 dxc4
35. Be2 Re8 36. Rd1 b5 37. Rd6 Bc8 38. Nxb5 Rxe2 39. Rc6 Bd7 40. Rc7 Ke8 41.
Nd6+ Kd8 42. Rxc4 Be6 43. Rf4 Bf5 44. Nxf5 gxf5 45. Rxf5 Ke8 46. Rxa5 Re4 47. h5
Rh4 48. g6 hxg6 49. hxg6 Rg4 50. g7 Kf7 51. Rf5 Rg6 52. Kb2 Rg3 53. c3 Re3 54.
Kb3 Re8 55. c4 Kg6 56. Rf1 Kf7 57. Kb4 Rb8+ 58. Kc3 Ra8 59. Kd4 Rxa3 60. c5 Ra8
61. Kd5 Rd8+ 62. Kc4 Rc8 63. Rf4 Ra8 64. c6 Ra4+ 65. Kd5 Rxf4 66. c7 Rf5+ 67.
Kd6 Rxf6+ 68. Kd7 Kxg7 69. c8=Q Rf7+ 70. Ke6 Rf6+ 71. Ke5 Rf7 72. Qg4+ Kf8 73.
Ke6 Rg7 74. Qf5+ Kg8 75. Qf6 1/2-1/2

[Event "AUTO-ADV-479"]
[Site "http://www.queenalice.com/game.php?id=205056"]
[Date "2007.5.2"]
[Round "1"]
[White "tempii"]
[Black "fab_scott"]
[Result "1-0"]
[WhiteElo "1911"]
[BlackElo "1861"]

1. d4 d5 2. c4 c6 3. Nc3 Nf6 4. Nf3 e6 5. e3 Bb4 6. Bd3 h6 7. O-O Nbd7 8. a3 Ba5
9. Re1 O-O 10. b4 Bb6 11. e4 dxe4 12. Nxe4 Nxe4 13. Bxe4 Nf6 14. Bc2 Bc7 15. Bb2
Re8 16. Qd3 Qd6 17. Rad1 b6 18. d5 Qf4 19. d6 Bxd6 20. Qxd6 Qxd6 21. Rxd6 Bb7
22. Bxf6 gxf6 23. Red1 Re7 24. Be4 Rc8 25. Rd7 Kf8 26. Rd8+ Rxd8 27. Rxd8+ Re8
28. Rxe8+ Kxe8 29. b5 Kd7 30. Kf1 Kd6 31. Bxc6 Bxc6 32. bxc6 Kxc6 33. Ke2 a6 34.
Kd3 e5 35. Nh4 Kc5 36. Nf5 e4+ 37. Kc3 h5 38. Ng3 b5 39. cxb5 1-0

[Event "AUTO-ADV-479"]
[Site "http://www.queenalice.com/game.php?id=205057"]
[Date "2007.5.2"]
[Round "1"]
[White "fab_scott"]
[Black "tempii"]
[Result "0-1"]
[WhiteElo "1849"]
[BlackElo "1916"]

1. d4 Nf6 2. Nf3 e6 3. c4 b6 4. Nc3 Bb7 5. Bg5 d5 6. e3 Nbd7 7. Bd3 h6 8. Bh4
Be7 9. O-O dxc4 10. Bxc4 O-O 11. Re1 Ne4 12. Bxe7 Qxe7 13. Nxe4 Bxe4 14. Bd3
Bxd3 15. Qxd3 c5 16. Rad1 Rfd8 17. Qc4 Rac8 18. Qa4 Rc7 19. Rc1 Rdc8 20. Qd1 Nf6
21. e4 cxd4 22. Rxc7 Qxc7 23. Qxd4 Qc4 24. Qxc4 Rxc4 25. b3 Rxe4 26. Rxe4 Nxe4
27. Nd4 Nc3 28. a4 Kf8 29. f3 a5 30. Nc6 Nd5 31. Ne5 f6 32. Nd3 Ke7 33. Kf2 Kd6
34. g3 e5 35. h4 g6 36. Ke2 Nb4 37. Kd2 Nxd3 38. Kxd3 Kd5 39. Ke3 f5 40. Kd3 e4+
41. Ke3 Ke5 42. Ke2 Kd4 43. g4 fxg4 44. fxe4 Kxe4 45. Kf2 Kf4 46. Kg2 g3 47. Kf1
Kg4 48. Kg2 h5 49. Kg1 Kxh4 50. Kg2 Kg4 51. Kg1 Kf3 52. Kf1 g2+ 53. Kg1 g5 54.
b4 axb4 0-1

[Event "AUTO-ADV-479"]
[Site "http://www.queenalice.com/game.php?id=205072"]
[Date "2007.5.2"]
[Round "1"]
[White "IkeBroflovski"]
[Black "fab_scott"]
[Result "1/2-1/2"]
[WhiteElo "1561"]
[BlackElo "1861"]

1. Nf3 Nf6 2. d4 d5 3. e3 e6 4. c4 c6 5. Nc3 Bb4 6. Bd3 O-O 7. O-O Nbd7 8. Bd2
Re8 9. a3 Ba5 10. Qe2 e5 11. dxe5 Nxe5 12. Nxe5 Rxe5 13. cxd5 Bxc3 14. Bxc3 Rxd5
15. Rfd1 Be6 16. Bc4 Rd7 17. Rxd7 Nxd7 18. Bxe6 fxe6 19. Rd1 Qe7 20. Qg4 Nf6 21.
Bxf6 Qxf6 22. h4 Rf8 23. f3 Qe7 24. Qd4 h6 25. Qd7 Rf7 26. Qd8+ Kh7 27. Qxe7
Rxe7 28. e4 Kg6 29. Kf2 Kf6 30. Ke3 g5 31. hxg5+ hxg5 32. g3 e5 33. Rd6+ Re6 34.
Rd7 Re7 35. Rxe7 1/2-1/2

[Event "AUTO-ADV-479"]
[Site "http://www.queenalice.com/game.php?id=205073"]
[Date "2007.5.2"]
[Round "1"]
[White "fab_scott"]
[Black "IkeBroflovski"]
[Result "1-0"]
[WhiteElo "1857"]
[BlackElo "1567"]

1. d4 e6 2. e4 d5 3. e5 b6 4. Nf3 Ne7 5. Bg5 h6 6. Bh4 Qd7 7. c4 Bb7 8. Bxe7
Bxe7 9. Nc3 O-O 10. Qb3 dxc4 11. Qd1 c5 12. Bxc4 Nc6 13. d5 1-0

[Event "AUTO-ADV-479"]
[Site "http://www.queenalice.com/game.php?id=205084"]
[Date "2007.5.2"]
[Round "1"]
[White "fab_scott"]
[Black "Fredov"]
[Result "1-0"]
[WhiteElo "1844"]
[BlackElo "1799"]

1. e4 c5 2. Nf3 Nc6 3. Bc4 e6 4. d3 g6 5. Be3 d6 6. Nc3 Bg7 7. Qd2 Nf6 8. Bh6
O-O 9. O-O Qb6 10. Bxg7 Kxg7 11. Bb3 Nd4 12. Nxd4 cxd4 13. Ne2 e5 14. f4 Bg4 15.
h3 Bxe2 16. Qxe2 a5 17. a4 Rad8 18. Rab1 Rfe8 19. c4 dxc3+ 20. Kh1 Qxb3 21. bxc3
Qxc3 22. Rxb7 Qa3 23. f5 Qxa4 24. fxg6 hxg6 25. Qf3 Re6 26. g4 Rd7 27. Rb8 d5
28. g5 dxe4 29. gxf6+ Kh7 30. Qg4 Rxf6 31. Qh4+ 1-0

[Event "AUTO-ADV-479"]
[Site "http://www.queenalice.com/game.php?id=205085"]
[Date "2007.5.2"]
[Round "1"]
[White "Fredov"]
[Black "fab_scott"]
[Result "0-1"]
[WhiteElo "1785"]
[BlackElo "1858"]

1. e4 e5 2. Nf3 d6 3. Bc4 h6 4. O-O Nf6 5. Re1 Bg4 6. c3 c6 7. d4 Nbd7 8. Na3
Be7 9. h3 Bh5 10. g4 Bg6 11. Bd3 O-O 12. Nc4 Qc7 13. b4 Rfe8 14. a4 b6 15. Bb2
d5 16. exd5 Bxd3 17. Qxd3 e4 18. Rxe4 Nxe4 19. Qxe4 cxd5 20. Qxd5 Nf6 21. Qf5 g6
22. Qd3 Rad8 23. Re1 Bd6 24. Rxe8+ Rxe8 25. Nxd6 Qxd6 26. Bc1 Kg7 27. g5 Nh5 28.
gxh6+ Kh8 29. Ng5 Re1+ 30. Kg2 Qd5+ 31. Nf3 Rxc1 0-1

[Event "feripe"]
[Site "http://www.queenalice.com/game.php?id=211413"]
[Date "2007.5.15"]
[Round "2"]
[White "fab_scott"]
[Black "bg"]
[Result "1/2-1/2"]
[WhiteElo "1847"]
[BlackElo "1769"]

1. e4 e5 2. Nf3 Nc6 3. Bb5 f5 4. Bxc6 bxc6 5. Nxe5 Qf6 6. d4 Bd6 7. exf5 Bxe5 8.
dxe5 Qxf5 9. O-O Ne7 10. Re1 O-O 11. f4 Ng6 12. Rf1 Nh4 13. Nc3 Bb7 14. Rf2 c5
15. Qd3 Qe6 16. Qg3 Qe7 17. Bd2 d6 18. Re1 Nf5 19. Qd3 Rad8 20. Nd5 Bxd5 21.
Qxd5+ Kh8 22. c3 dxe5 23. Qxe5 Qd6 24. g4 Nh6 25. h3 Nf7 26. Qxd6 cxd6 27. Re7
Ra8 28. Rd7 Kg8 29. Re2 a6 30. Ree7 Rae8 31. Rxe8 Rxe8 32. Kf2 Rb8 33. Ra7 h6
34. b3 Rb6 35. Be3 Rc6 36. h4 g6 37. a3 Kg7 38. g5 hxg5 39. hxg5 Kf8 40. Kf3 d5
41. b4 cxb4 42. axb4 Nd6 43. Bc5 Kg8 44. Rd7 Ne4 45. Rxd5 Nxc3 46. Rd8+ Kf7 47.
Rd3 Nb5 48. Kg4 Re6 49. Rd7+ Kg8 50. f5 Re4+ 51. Kf3 gxf5 52. Rd5 Kg7 53. Rxf5
Re6 54. Kg4 Kg6 55. Kf4 Kg7 56. Re5 Rxe5 57. Kxe5 Kg6 1/2-1/2

[Event "Challenge"]
[Site "http://www.queenalice.com/game.php?id=212809"]
[Date "2007.5.18"]
[Round "-"]
[White "fab_scott"]
[Black "serse"]
[Result "0-1"]
[WhiteElo "1849"]
[BlackElo "2219"]

1. e4 c5 2. c4 Nc6 3. Nf3 Nf6 4. Nc3 e5 5. Nd5 Nxe4 6. d3 Nf6 7. Be2 Be7 8. b3
Nxd5 9. cxd5 Nb4 10. Nxe5 d6 11. Nf3 O-O 12. Bb2 Bf6 13. Bxf6 Qxf6 14. O-O Nxd5
15. a3 Re8 16. Re1 Bg4 17. h3 Nc3 18. Qc2 Nxe2+ 19. Rxe2 Qxa1+ 0-1

[Event "Challenge"]
[Site "http://www.queenalice.com/game.php?id=212898"]
[Date "2007.5.18"]
[Round "-"]
[White "serse"]
[Black "fab_scott"]
[Result "1-0"]
[WhiteElo "2218"]
[BlackElo "1851"]

1. e4 e5 2. Nf3 d6 3. d4 Nf6 4. Nc3 Bg4 5. dxe5 Bxf3 6. gxf3 dxe5 7. Qxd8+ Kxd8
8. Bg5 c6 9. f4 Nd7 10. O-O-O Kc7 11. fxe5 Nxe5 12. Rg1 Nf3 13. Bf4+ Kc8 14.
Bh3+ 1-0

[Event "feripe"]
[Site "http://www.queenalice.com/game.php?id=241152"]
[Date "2007.7.17"]
[Round "3"]
[White "KobeB"]
[Black "fab_scott"]
[Result "0-1"]
[WhiteElo "1742"]
[BlackElo "1887"]

1. e4 e5 2. Nf3 d6 3. Bc4 h6 4. O-O Nf6 5. Nc3 Bg4 6. h3 Bh5 7. d3 Nc6 8. Nd5
Be7 9. Bd2 a6 10. Bc3 O-O 11. Re1 Re8 12. Re3 Bf8 13. Qd2 Nxd5 14. exd5 Ne7 15.
d4 Nf5 16. Rd3 e4 0-1

[Event "Uragano"]
[Site "http://www.queenalice.com/game.php?id=250611"]
[Date "2007.8.4"]
[Round "1"]
[White "fab_scott"]
[Black "Skovtrolden"]
[Result "0-1"]
[WhiteElo "1897"]
[BlackElo "2037"]

1. e4 e5 2. Nf3 Nc6 3. Bc4 Nf6 4. d3 Bc5 5. h3 O-O 6. Bg5 Na5 7. Nbd2 d6 8. a3
Nxc4 9. Nxc4 h6 10. Bh4 Be6 11. b3 b5 12. Ncd2 g5 13. Bg3 Nh5 14. Nh2 Nxg3 15.
fxg3 Bd4 16. Rb1 f5 17. Nhf3 Bb6 18. c4 g4 19. hxg4 fxg4 20. Nh4 Bf2+ 21. Ke2
Bd4 22. Nf5 Bxf5 23. exf5 Rxf5 24. Ne4 Qf8 25. Qd2 h5 26. Rbf1 Qf7 27. Rxf5 Qxf5
28. Qh6 Rf8 29. Qxh5 Qxh5 30. Rxh5 bxc4 31. Rg5+ Kf7 32. bxc4 Rb8 33. Rxg4 Rb2+
34. Kf1 Rb3 35. Ke2 Rxa3 36. Rh4 Ra2+ 37. Kf3 Kg7 38. g4 a5 39. g5 a4 40. Rh6 a3
41. Nxd6 cxd6 42. Rxd6 Rf2+ 43. Kg3 Rf4 44. Ra6 Bf2+ 45. Kh2 Rh4# 0-1

[Event "feripe"]
[Site "http://www.queenalice.com/game.php?id=282241"]
[Date "2007.10.6"]
[Round "4"]
[White "fab_scott"]
[Black "rubenov"]
[Result "0-1"]
[WhiteElo "1887"]
[BlackElo "1951"]

1. e4 c5 2. c4 Nc6 3. Nf3 e5 4. Nc3 Nf6 5. d3 h6 6. h3 d6 7. Be3 Be6 8. Qb3 Bc8
9. a3 a6 10. O-O-O Nd4 11. Be2 Nxb3+ 0-1

[Event "Challenge"]
[Site "http://www.queenalice.com/game.php?id=286659"]
[Date "2007.10.15"]
[Round "-"]
[White "fab_scott"]
[Black "Nyvang"]
[Result "1/2-1/2"]
[WhiteElo "1874"]
[BlackElo "1785"]

1. e4 e5 2. Nf3 Nf6 3. Nc3 Bb4 4. d3 d6 5. Bd2 Bxc3 6. Bxc3 O-O 7. Be2 h6 8. h3
Nc6 9. Bd2 b5 10. Nh2 a5 11. O-O b4 12. f4 d5 13. fxe5 Nxe5 14. d4 Nc6 15. e5
Ne4 16. Be3 Ng3 17. Rf3 Nf5 18. Bd3 Ncxd4 19. Bxd4 Nxd4 20. Bh7+ Kxh7 21. Qxd4
Kg8 22. Rg3 f6 23. exf6 Rxf6 24. Ng4 Bxg4 25. Rxg4 Raa6 26. Rf1 Qd6 27. Rxf6
Qxf6 28. Qxd5+ Kh7 29. Qd3+ g6 30. Qd7+ Qg7 31. Rd4 Rd6 32. Rxd6 cxd6 33. Qxd6
Qxb2 34. Qc7+ Kg8 35. Qxa5 Qxc2 36. Qxb4 Qxa2 37. Qb8+ Kg7 38. Qc7+ Kh8 39. Qd8+
1/2-1/2

[Event "Challenge"]
[Site "http://www.queenalice.com/game.php?id=313366"]
[Date "2007.12.1"]
[Round "-"]
[White "DARKQUEEN"]
[Black "fab_scott"]
[Result "0-1"]
[WhiteElo "1427"]
[BlackElo "1877"]

1. d4 d5 2. Nf3 Nf6 3. h3 e6 4. a3 b6 5. Nc3 Nc6 6. Bg5 Be7 7. Ne5 Nxe5 8. dxe5
Nd7 9. Be3 c5 10. Qd2 d4 11. Ne4 dxe3 12. fxe3 O-O 13. O-O-O Qc7 14. Ng3 Nxe5
15. Nh5 Bb7 16. Qe1 Rad8 17. Qg3 Rxd1+ 18. Kxd1 Qd6+ 19. Ke1 Ng6 20. Qg4 f5 21.
Qa4 Rd8 22. Qxa7 Bg5 23. Qxb7 Qd2+ 24. Kf2 Qxe3+ 25. Ke1 Bh4+ 26. g3 Bxg3+ 27.
Nxg3 Qxg3# 0-1

[Event "Uragano"]
[Site "http://www.queenalice.com/game.php?id=438758"]
[Date "2008.7.25"]
[Round "4"]
[White "SAMOEL"]
[Black "fab_scott"]
[Result "1-0"]
[WhiteElo "1837"]
[BlackElo "1845"]

1. e4 e5 2. c3 Nf6 3. Qc2 Bc5 4. a4 O-O 5. b4 Be7 6. Nf3 d6 7. Bc4 Nc6 8. h3 a6
9. Ba3 h6 10. O-O b6 11. d4 exd4 12. cxd4 Bb7 13. e5 dxe5 14. dxe5 Nh7 15. b5
axb5 16. axb5 Na5 17. Bxe7 Qxe7 18. Nbd2 Nxc4 19. Qxc4 Ra5 20. Nb3 Qe6 21. Qxe6
fxe6 22. Nxa5 bxa5 23. Nd4 Bd5 24. Rxa5 Rd8 25. Rc1 Rc8 26. b6 Nf8 27. Rb5 c6
28. b7 Rb8 29. Nxc6 Bxc6 30. Rxc6 1-0

[Event "Challenge"]
[Site "http://www.queenalice.com/game.php?id=446822"]
[Date "2008.8.10"]
[Round "-"]
[White "fab_scott"]
[Black "newblockader"]
[Result "0-1"]
[WhiteElo "1829"]
[BlackElo "1280"]

1. e4 e6 2. d4 d5 3. e5 c5 4. c3 cxd4 5. cxd4 Bb4+ 6. Bd2 Bxd2+ 7. Qxd2 f6 8.
Bb5+ Bd7 9. Bxd7+ Nxd7 10. Nf3 fxe5 11. dxe5 Qb6 12. Nc3 Ne7 13. O-O O-O 14. b3
Rf5 15. a4 Nxe5 16. Nxe5 Rxe5 17. Qc2 Nc6 18. Rfe1 Nd4 19. Qd1 Rxe1+ 20. Qxe1
Nc2 21. Qc1 Nxa1 22. Qxa1 Qxb3 23. g3 e5 24. Ne2 d4 25. Kg2 Rf8 26. g4 Qf3+ 27.
Kg1 Qxf2+ 28. Kh1 Qxe2 0-1

[Event "Uragano"]
[Site "http://www.queenalice.com/game.php?id=494614"]
[Date "2008.11.17"]
[Round "5"]
[White "fab_scott"]
[Black "Sherlock6834"]
[Result "0-1"]
[WhiteElo "1799"]
[BlackElo "2031"]

1. e4 c5 2. Nf3 d6 3. Bc4 e6 4. Nc3 Nf6 5. d3 Nc6 6. Bg5 Be7 7. O-O O-O 8. h3 h6
9. Bh4 Nh7 10. Bxe7 Qxe7 11. a3 a6 12. Re1 b5 13. Bb3 Nd4 14. Nxd4 cxd4 15. Ne2
e5 16. c3 dxc3 17. Nxc3 Qg5 18. Qf3 Kh8 19. Re3 f5 20. Qd1 f4 21. Rf3 Qh4 22. d4
Ng5 23. Rd3 f3 24. Nd5 Bxh3 25. Rxf3 Nxf3+ 26. Kf1 Nh2+ 0-1